Fr. Conceicao Rodrigues College of Engineering

Fundamentals Of Digital Computers (Record no. 34863)

MARC details
000 -LEADER
fixed length control field 00310nam a2200133Ia 4500
082 ## - DEWEY DECIMAL CLASSIFICATION NUMBER
Classification number 621.3819582
100 ## - MAIN ENTRY--PERSONAL NAME
Personal name Spencer/ D.D
245 ## - TITLE STATEMENT
Title Fundamentals Of Digital Computers
260 ## - PUBLICATION, DISTRIBUTION, ETC.
Name of publisher, distributor, etc. Howard W. Sams & Co.
Place of publication, distribution, etc. U.S.A
Date of publication, distribution, etc. 1978
300 ## - PHYSICAL DESCRIPTION
Extent 320
546 ## - LANGUAGE NOTE
Language note ENGLISH
654 ## - SUBJECT ADDED ENTRY--FACETED TOPICAL TERMS
Focus term Digital Computers
942 ## - ADDED ENTRY ELEMENTS (KOHA)
Koha item type BOOK
Holdings
Withdrawn status Lost status Damaged status Not for loan Collection Home library Current library Shelving location Date acquired Source of acquisition Cost, normal purchase price Inventory number Total Checkouts Full call number Barcode Date last seen Cost, replacement price Price effective from Koha item type
        AFT Fr. Agnel's C.Rodrigues College of Engineering Fr. Agnel's C.Rodrigues College of Engineering   17/03/2023 BBB 114.95 44   621.3819582 AFT3662 17/03/2023 114.95 17/03/2023 BOOK